Anagrammes de sports - Statistiques

Statistiques générales
  • Ce quiz a été pris 656 fois
  • Le résultat moyen est 12 sur 20
Statistiques - réponses
Hint Réponse % Correct
flgo Golf
98%
rti Tir
93%
exbo Boxe
88%
doju Judo
88%
nitens Tennis
87%
blolofta Football
75%
lalkbstbae Basketball
71%
dlalahnb Handball
70%
yburg Rugby
69%
qyginamuets Gymnastique
66%
mnbantiod Badminton
58%
crmiese Escrime
56%
aantntio Natation
55%
olelylalvl Volleyball
52%
hltonirat Triathlon
41%
nbaoltih Biathlon
33%
sgiobhebl Bobsleigh
30%
tanuqeitoi Equitation
30%
saacedel Escalade
26%
nlenogop Plongeon
11%
Aucun quiz correspondant
Distribution des résultats
% des personnes avec chaque résultat
Percentile par nombre de réponses
Votre historique - résultats
Vous n’avez pas pris ce quiz